Somalia City Quiz - Statistics

General Stats
  • This quiz has been taken 52 times
  • The average score is 3 of 5
Answer Stats
City % Correct
Mogadishu
95%
Hargeisa
77%
Kismayo
53%
Berbera
26%
Merca
16%
No matching quizzes found
Score Distribution
Percent of People with Each Score
Percentile by Number Answered
Your Score History
You have not taken this quiz